书目信息 |
| 题名: |
皮肤科疾病古今效方
|
|
| 作者: | 李喜如 主编 | |
| 分册: | ||
| 出版信息: | 北京 科学出版社 1998.05 |
|
| 页数: | 481页 | |
| 开本: | 32开 | |
| 丛书名: | ||
| 单 册: | ||
| 中图分类: | R289.5 | |
| 科图分类: | 2895 | |
| 主题词: | 方剂学 | |
| 电子资源: | ||
| ISBN: | 7-03-006379-1 | |
| 000 | 00572nam0 2200205 45 | |
| 001 | 0011301674 | |
| 005 | 20001130162949.2 | |
| 010 | @a7-03-006379-1@d30.00元 | |
| 100 | @a20001130d1998 km y0chiy0120 ea | |
| 101 | 0 | @achi |
| 105 | @a z 000yy | |
| 200 | 1 | @a皮肤科疾病古今效方@APi Fu Ke Ji Bing Gu Jin Xiao Fang@f李喜如主编@FLi Xi Ru Zhu Bian |
| 210 | @a北京@c科学出版社@d1998.05 | |
| 215 | @a481页@d32开 | |
| 606 | 0 | @a方剂学 |
| 690 | @aR289.5@v3 | |
| 692 | @a2895 | |
| 701 | 0 | @a李喜如@4主编 |
| 801 | @aCN@bPftUser@c20001130 | |
| 905 | @b508578-582@dR289.5@eL746@f5 | |
| 皮肤科疾病古今效方/李喜如主编.-北京:科学出版社,1998.05 |
| 481页;32开 |
| ISBN 7-03-006379-1:30.00元 |
| ● |
| 相关链接 |
|
|
|
正题名:皮肤科疾病古今效方
索取号:R289.5/L746
 
预约/预借
| 序号 | 登录号 | 条形码 | 馆藏地/架位号 | 状态 | 备注 |
| 1 | 508578 | 205085780 | 自科库401/401自科库 13排1列4层/ [索取号:R289.5/L746] | 在馆 | |
| 2 | 508579 | 205085799 | 自科库401/401自科库 13排1列4层/ [索取号:R289.5/L746] | 在馆 | |
| 3 | 508580 | 205085806 | 自科库401/ [索取号:R289.5/L746] | 在馆 | |
| 4 | 508581 | 205085815 | 自科库401/401自科库 13排1列4层/ [索取号:R289.5/L746] | 在馆 | |
| 5 | 508582 | 205085824 | 自科库401/401自科库 13排1列4层/ [索取号:R289.5/L746] | 在馆 |